| 000 | 00846nam a22002057a 4500 | ||
|---|---|---|---|
| 999 |
_c21556 _d21556 |
||
| 003 | AR-CdUCM | ||
| 008 | 190312b ||||| |||| 00| 0 spa d | ||
| 020 | _a9789875912571 | ||
| 040 |
_aMUNICIPALIDAD PROVINCIAL DEL CUSCO _cBIBLIOTECA MUNICIPAL DEL CUSCO |
||
| 082 |
_a150.195/G21 _bG21 |
||
| 245 |
_aEl campo psicoanalítico : _bescritos, ensayos y apuntes sobre los principales conceptos del psicoanálisis y su diálogo con la actualidad / _cMariana Gómez, coordinadora |
||
| 260 |
_aCórdoba : _bEdit. Brujas, _c2011. |
||
| 300 |
_a212 páginas. : _c23 cm. |
||
| 500 | _zIncluye bibliografías. | ||
| 650 |
_aPsicoanálisis-- -Estudio y enseñanza (Educación superior) _945347 |
||
| 650 |
_aPsicoanálisis-- -Ensayos, conferencias, etc. _945348 |
||
| 700 |
_aGómez, Mariana, coordinadora _945349 |
||
| 942 |
_2ddc _cLIBROS |
||
| 945 | _aRoel | ||